Central Library OPAC University of Rajshahi

Furniture making and cabinet work : (Record no. 16507)

MARC details
000 -LEADER
fixed length control field 00748nam a22002652a 4500
001 - CONTROL NUMBER
control field 16507
003 - CONTROL NUMBER IDENTIFIER
rucl marc code UkOxU
005 - DATE AND TIME OF LATEST TRANSACTION
control field 20211209000022.0
008 - FIXED-LENGTH DATA ELEMENTS--GENERAL INFORMATION
fixed length control field 140213s1961 njua 001 0 eng d
035 ## - SYSTEM CONTROL NUMBER
System control number OCLC ocm01262346 from D960722M
-- (BD-RjUL)16562
040 ## - CATALOGING SOURCE
Original cataloging agency DLC
Transcribing agency ILU
Modifying agency OCL
-- UKM
-- BD-RjUL
Language of cataloging eng
041 ## - LANGUAGE CODE
Language code of text/sound track or separate title eng
082 ## - DEWEY DECIMAL CLASSIFICATION NUMBER
Classification number 684.1
Author mark and year PEF 1949
100 1# - MAIN ENTRY--PERSONAL NAME
Personal name Pelton, B. W.,
Dates associated with a name 1895-
9 (RLIN) 51022
245 00 - TITLE STATEMENT
Title Furniture making and cabinet work :
Remainder of title a handbook
250 ## - EDITION STATEMENT
Edition statement 2d ed
260 ## - PUBLICATION, DISTRIBUTION, ETC. (IMPRINT)
Place of publication, distribution, etc. Princeton, N.J :
Name of publisher, distributor, etc. Van Nostrand,
Date of publication, distribution, etc. c1961
300 ## - PHYSICAL DESCRIPTION
Pagination 536 p. :
Illustrations illus. ;
Size 24 cm
500 ## - GENERAL NOTE
General note includes index.
650 #0 - SUBJECT ADDED ENTRY--TOPICAL TERM
Topical term or geographic name as entry element Furniture
9 (RLIN) 51023
Topical term or geographic name as entry element Cabinetwork
9 (RLIN) 51024
942 ## - ADDED ENTRY ELEMENTS (KOHA)
Source of classification or shelving scheme Dewey Decimal Classification
Koha item type Books
Holdings
Lost status Source of classification or shelving scheme Damaged status Not for loan Collection code Permanent Location Current Location Shelving location Date acquired Source of acquisition Cost, normal purchase price Total Checkouts Full call number Date last seen Copy number Koha item type
  Dewey Decimal Classification   Not For Loan Non-fiction Central Library, University of Rajshahi Central Library, University of Rajshahi Reading Room 26/10/1967 Sweets of zeithing 7.95   684.1 PEF 1961 13/02/2014 C-1 Books